Història del Museu Marítim de Barcelona
Descripción Física:
3 v. ; 30 cm
MARC
| LEADER | 00000nam a2200000Ia 4500 | ||
|---|---|---|---|
| 001 | 13075, 13076, 13077 | ||
| 008 | 160829s9999 xx 000 0 cat d | ||
| 080 | |a C-2-189, C-2-190, C-2-191 | ||
| 100 | |a Museu Marítim (Barcelona) | ||
| 245 | |a Història del Museu Marítim de Barcelona | ||
| 260 | |a [Barcelona] : |b Museu Marítim de Barcelona, Dl. 2001 | ||
| 300 | |a 3 v. ; |c 30 cm | ||
| 590 | |a En estoig. | ||
| 590 | |a Conté: v. 1: 1929 - 1939; v. 2: 1940 - 1992; v. 3: 1993 - 1999 | ||
| 610 | 0 | |a Museu Marítim (Barcelona, Catalunya) |x Història |9 10021 | |
| 901 | |a Arxiu | ||
| 942 | |n 1 | ||
| 952 | |0 0 |1 0 |4 0 |6 C2189_C2190_C2191 |7 1 |9 47827 |a Arxiu |b Arxiu |d 2016-12-01 |l 0 |o C-2-189, C-2-190, C-2-191 |p 13075, 13076, 13077 |r 2016-12-01 00:00:00 |w 2016-12-01 |y ARXIU | ||
| 999 | |c 51626 |d 51626 | ||